| 000 | 00749na a2200265 4500 | ||
|---|---|---|---|
| 001 | 18460 | ||
| 003 | MIRAKIL | ||
| 005 | 20181213155145.0 | ||
| 008 | 161118b tu 000 0 | ||
| 020 | _a9754980454 | ||
| 035 | _a18460 | ||
| 040 |
_aMilas _btur _cTR-AnCHP |
||
| 041 | _atur | ||
| 082 |
_a352.9561 _bA72 1992 |
||
| 090 | _a352.9561 A72 1992 | ||
| 100 | _aAtasoy, Veysel | ||
| 245 |
_aTürkiye'de mahalli idarelerin yapısı ve yeniden düzenlenmesi _cVeysel Atasoy |
||
| 260 |
_aİstanbul _bTürk Dünyası Araştırmaları Vakfı _c1992 |
||
| 300 |
_a272 s. _c23 sm. |
||
| 500 | _aDizin var. | ||
| 500 | _aKaynakça var. | ||
| 650 |
_aYerel yönetimler _zTürkiye |
||
| 650 |
_aMahalli idareler _zTürkiye |
||
| 942 |
_2dcc _cBKS |
||
| 999 |
_c7646 _d7646 |
||